000 00325nam a2200145Ia 4500
008 230718s9999 xx 000 0 und d
041 _aEng.
082 _a34603
_bKAP-L
100 _aKapoor, S.K
245 0 _aLaw of tests
260 _aPakistan
_bManzoor book house
_c2004
300 _a250
650 _aLaw
999 _c28122
_d28122